| 000 | 00337nam a22001337a 4500 | ||
|---|---|---|---|
| 020 | _qHB. | ||
| 040 | _cFIZZA ISHAQ | ||
| 082 |
_a530.076 _bBAE |
||
| 100 |
_aBAEZ,V.ALBERT. _9130726 |
||
| 245 |
_aTHE NEW COLLEGE PHYSICS / _cALBERT V. BAEZ. |
||
| 260 |
_aUSA ; _bW.H. FREEMAN AND COMPANY, _c1967. |
||
| 300 | _a739 P. ; | ||
| 942 |
_2ddc _cBK |
||
| 999 |
_c614905 _d614905 |
||